Daily Capital City Riddle #164 - Statistics

General Stats
  • This quiz has been taken 25 times
  • The average score is 29 of 31
Answer Stats
Type Answer % Correct
Correctly Placed Letter A
100%
Found Letter A
100%
Alphabet Letter E
100%
Alphabet Letter G
100%
Correctly Placed Letter I
100%
Found Letter I
100%
Found Letter L
100%
Found Letter M
100%
Alphabet Letter O
100%
Alphabet Letter R
100%
Alphabet Letter C
95%
Alphabet Letter D
95%
Alphabet Letter H
95%
Correctly Placed Letter L
95%
Correctly Placed Letter M
95%
Alphabet Letter N
95%
Alphabet Letter S
95%
Alphabet Letter T
95%
Alphabet Letter W
95%
Alphabet Letter Y
95%
Alphabet Letter B
90%
Alphabet Letter F
90%
Alphabet Letter J
90%
Alphabet Letter K
90%
Mystery Capital Lima
90%
Alphabet Letter P
90%
Alphabet Letter Q
90%
Alphabet Letter U
90%
Alphabet Letter V
90%
Alphabet Letter X
90%
Alphabet Letter Z
90%
No matching quizzes found
Score Distribution
Percent of People with Each Score
Percentile by Number Answered
Your Score History
You have not taken this quiz